<?xml version="1.0" encoding="UTF-8"?>
<marc:record xmlns:marc="http://www.loc.gov/MARC21/slim">
   <marc:leader>00000nam a2200000 a 4500</marc:leader>
   <marc:datafield ind1="1" ind2=" " tag="100">
      <marc:subfield code="a">Maierhofer, Lorenz, 1956-</marc:subfield>
   </marc:datafield>
   <marc:datafield ind1=" " ind2=" " tag="653">
      <marc:subfield code="a">Alpen</marc:subfield>
   </marc:datafield>
   <marc:datafield ind1=" " ind2=" " tag="653">
      <marc:subfield code="a">Männerchor &lt;4-stimmig&gt;</marc:subfield>
   </marc:datafield>
   <marc:datafield ind1=" " ind2=" " tag="653">
      <marc:subfield code="a">Volkslied</marc:subfield>
   </marc:datafield>
   <marc:datafield ind1=" " ind2=" " tag="653">
      <marc:subfield code="a">Alpenländer</marc:subfield>
   </marc:datafield>
   <marc:datafield ind1="0" ind2="0" tag="245">
      <marc:subfield code="a">Das alpenländische Männerchorbuch</marc:subfield>
   </marc:datafield>
   <marc:datafield ind1="0" ind2="0" tag="245">
      <marc:subfield code="b">111 beliebte neue und traditionsreiche Lieder im Satz für Männerchor (TTBB)</marc:subfield>
   </marc:datafield>
   <marc:datafield ind1="0" ind2="0" tag="245">
      <marc:subfield code="c">Lorenz Maierhofer</marc:subfield>
   </marc:datafield>
   <marc:datafield ind1=" " ind2="1" tag="264">
      <marc:subfield code="a">Rum / Innsbruck ; Esslingen</marc:subfield>
      <marc:subfield code="b">Helbling</marc:subfield>
      <marc:subfield code="c">2005</marc:subfield>
   </marc:datafield>
   <marc:datafield ind1=" " ind2=" " tag="250">
      <marc:subfield code="a">Partitur</marc:subfield>
   </marc:datafield>
   <marc:datafield ind1="1" ind2=" " tag="520">
      <marc:subfield code="a">In 5 Abschnitten: Grüaß enk Gott - Lieder zu Gruß und Begegnung sowie über die Freude zu singen. Is die Liab net a Wunda? - Lieder zu Liebesfreud und Liebesleid. Wo san denn die lustign Tanza - Tanz- und Scherzlieder, Lieder zu leiblichen Genüssen. A sunniges Platzl - Lieder zur Heimat, zum Jahreslauf sowie Stimmungsbilder zu Natur und Leben. Leg ma&#x92;n Tag zua Ruah - Abend- und Abschiedslieder. Der launige Regenschirm - alpenländische Brettl-Oper für einen Schirm, 3 Solisten und Männerchor</marc:subfield>
   </marc:datafield>
   <marc:datafield ind1="2" ind2=" " tag="024">
      <marc:subfield code="a">9790500225577</marc:subfield>
   </marc:datafield>
   <marc:datafield ind1=" " ind2=" " tag="300">
      <marc:subfield code="a">1 Partitur (176 Seiten)</marc:subfield>
   </marc:datafield>
</marc:record>
